[Event "GER-chT U16"]
[Site "Lingen"]
[Date "2015.12.28"]
[Round "3.1"]
[White "Greiving, Felix"]
[Black "Wulfhorst, Noah"]
[Result "1/2-1/2"]
[WhiteElo "1813"]
[BlackElo "1725"]
[PlyCount "52"]
[EventDate "2015.12.27"]
[EventType "team-swiss"]
[EventRounds "7"]
[EventCountry "GER"]
[SourceTitle "EXT 2017"]
[Source "ChessBase"]
[SourceDate "2016.10.25"]
[SourceVersion "1"]
[SourceVersionDate "2016.10.25"]
[SourceQuality "1"]
[WhiteTeam "Lingen"]
[BlackTeam "Guetersloh"]
[WhiteTeamCountry "GER"]
[BlackTeamCountry "GER"]

1. Nf3 Nf6 2. g3 b5 3. Bg2 Bb7 4. d4 e6 5. c3 c5 6. 0-0 cxd4 7. cxd4 Be7 8. Qb3 a6 9. a4 Qb6 10. axb5 axb5 11. Rxa8 Bxa8 12. Na3 Bc6 13. Nc4 Qa6 14. Nce5 Bd5 15. Qd1 0-0 16. Bg5 h6 17. Bxf6 Bxf6 18. Ng4 Be7 19. Qd2 Rc8 20. Rc1 Rxc1+ 21. Qxc1 Bc4 22. Bf1 Bd5 23. Bg2 Nc6 24. Nge5 Qb7 25. Nxc6 Bxc6 26. Ne1 Bg5 1/2-1/2

[Event "GER-chT U16"]
[Site "Lingen"]
[Date "2015.12.27"]
[Round "2.1"]
[White "Greiving, Felix"]
[Black "Raetzke von Stoyentin, Steffen"]
[Result "1/2-1/2"]
[WhiteElo "1813"]
[BlackElo "1979"]
[PlyCount "60"]
[EventDate "2015.12.27"]
[EventType "team-swiss"]
[EventRounds "7"]
[EventCountry "GER"]
[SourceTitle "EXT 2017"]
[Source "ChessBase"]
[SourceDate "2016.10.25"]
[SourceVersion "1"]
[SourceVersionDate "2016.10.25"]
[SourceQuality "1"]
[WhiteTeam "Lingen"]
[BlackTeam "Aurich"]
[WhiteTeamCountry "GER"]
[BlackTeamCountry "GER"]

1. Nf3 Nf6 2. g3 g6 3. Bg2 Bg7 4. 0-0 0-0 5. d4 d6 6. a4 Bd7 7. a5 Qc8 8. Re1 Bh3 9. Bh1 c5 10. c3 Nc6 11. dxc5 dxc5 12. Be3 Nd7 13. Nbd2 Qc7 14. Qa4 Rac8 15. Qh4 Bf5 16. g4 Bf6 17. Bg5 Be6 18. Ne4 Nce5 19. Bxf6 exf6 20. g5 Nxf3+ 21. Bxf3 f5 22. Nf6+ Nxf6 23. gxf6 Kh8 24. e4 fxe4 25. Rxe4 Rg8 26. Qh6 g5 27. Bh5 Qc6 28. Rae1 Bf5 29. R4e3 Bg6 30. Bg4 Rcd8 1/2-1/2

[Event "Niedersachsen-ch op-A"]
[Site "Verden"]
[Date "2014.01.03"]
[Round "3"]
[White "Schulz, Daniel"]
[Black "Greiving, Felix"]
[Result "1-0"]
[WhiteElo "1970"]
[BlackElo "1740"]
[PlyCount "79"]
[EventDate "2014.01.02"]
[EventType "swiss"]
[EventRounds "7"]
[EventCountry "GER"]
[SourceTitle "EXT 2016"]
[Source "ChessBase"]
[SourceDate "2015.10.08"]
[SourceVersion "1"]
[SourceVersionDate "2015.10.08"]
[SourceQuality "1"]

1. Nf3 Nf6 2. c4 g6 3. g3 Bg7 4. Bg2 0-0 5. 0-0 c5 6. Nc3 Nc6 7. a3 d5 8. cxd5 Nxd5 9. Qb3 Nxc3 10. bxc3 Qc7 11. Rd1 Be6 12. Qc2 h6 13. d4 cxd4 14. cxd4 Rac8 15. Qa4 Qa5 16. Qxa5 Nxa5 17. Rb1 b6 18. e4 Rfd8 19. d5 Bd7 20. Bd2 Ba4 21. Rdc1 Nb3 22. Rxc8 Rxc8 23. Bb4 Bf8 24. e5 Nc5 25. Nd4 Nd3 26. f4 Kh7 27. Bf1 Nc5 28. Kf2 Rd8 29. Bg2 Rc8 30. Ke3 Kg8 31. Rc1 Bd7 32. h3 Kg7 33. g4 Kh7 34. Bf1 Kg8 35. Bb5 Bxb5 36. Nxb5 a6 37. Nd4 Kh7 38. Nb3 h5 39. Nxc5 bxc5 40. Rxc5 1-0